Visualizzazione normale
Vista MARC
- Pacho Polvorinos, Alberto.
di Personal Name
Records bibliografici associati: 1
001 - CONTROL NUMBER
- control field: 57183
003 - CONTROL NUMBER IDENTIFIER
- control field: IT-RoINE
005 - DATE AND TIME OF LATEST TRANSACTION
- control field: 20190213065832.0
008 - FIXED-LENGTH DATA ELEMENTS
- fixed length control field: 190213|| aca||aabn | a|a d
040 ## - CATALOGING SOURCE
- Original cataloging agency: IT-RoINE
- Transcribing agency: IT-RoINE
100 ## - HEADING--PERSONAL NAME
- Personal name: Pacho Polvorinos, Alberto.
- Title of a work: Historia de la Iglesia en la edad media
670 ## - SOURCE DATA FOUND
- Source citation: Work cat.: (IT-RoINE)0: González Novalín, José Luis, 21669 1929-, Historia de la Iglesia en la edad antigua /, D.L. 1989.